Obce okresu Jablonec nad Nisou - Statistics

General Stats
  • This quiz has been taken 22 times
  • The average score is 19 of 35
Answer Stats
Počet obyvatel Odpověď % Correct
46 226 Jablonec nad Nisou
100%
3 062 Desná
83%
1 982 Lučany nad Nisou
83%
3 881 Smržovka
83%
6 051 Tanvald
83%
1 386 Harrachov
75%
2 728 Velké Hamry
75%
6 065 Železný Brod
75%
402 Bedřichov
67%
1 509 Janov nad Nisou
67%
930 Josefův Důl
67%
1 242 Malá Skála
67%
2 865 Rychnov u Jablonce nad Nisou
67%
367 Albrechtice v Jizerských horách
58%
990 Kořenov
58%
891 Nová Ves nad Nisou
58%
1 038 Plavy
58%
917 Zásada
58%
1 287 Jenišovice
50%
2 079 Pěnčín
50%
1 018 Rádlo
50%
582 Držkov
42%
854 Frýdštejn
42%
239 Jílové u Držkova
42%
458 Jiřetín pod Bukovou
42%
217 Loužnice
42%
1 021 Koberovy
33%
249 Líšný
33%
628 Skuhrov
33%
127 Vlastiboř
33%
503 Zlatá Olešnice
33%
619 Maršovice
25%
494 Pulečný
25%
222 Dalešice
17%
138 Radčice
8%
No matching quizzes found
Score Distribution
Percent of People with Each Score
Percentile by Number Answered
Your Score History
You have not taken this quiz